000 00922nam a2200253Ia 4500
003 OSt
005 20221005113323.0
006 a|||||r|||| 00| 0
007 ta
008 221004b |||||||| |||| 00| 0 pan d
020 _a9788130204833 (pbk)
_cINR 100.00
024 _a44737
037 _b1046, 02/02/2019, H.K. Prakashan
_cTextual
040 _aCRL
_cCRL
_bpan
041 _2pan
_apan
082 _aO153:g, Q8.2
100 _aਸਿੰਘ, ਹਰਜੋਧ, ਂਚ.
245 0 _aਖੋਜ ਪਤ੍ਰਿਕਾ
_b ਪੰਜਾਬੀ ਆਲੋਚਕ ਵਿFੇF ਅੰਕ
260 _aਪਟਿਆਲਾ
_bਪਬਲੀਕੇFਨ ਬਿਊਰੋ ਭਾਰਤ
_c2018
300 _a319ਪ੍ਰ0
_ccm.
650 _aਪੰਜਾਬੀ ਸਾਹਿਤ
942 _hO153:g, Q8.2
_cTEXL
_2cc
999 _c1027789
_d1027789